Catálogo
 En Linea

Estudios sobre la biodiversidad de la región de Bahía Honda (Veraguas, Panamá) : (Registro nro. 33582)

Detalles MARC
000 -CABECERA
campo de control de longitud fija 00819nam a2200181 a 4500
001 - NÚMERO DE CONTROL
campo de control 000034091
005 - FECHA Y HORA DE LA ÚLTIMA TRANSACCIÓN
campo de control 20200930070751.0
008 - DATOS DE LONGITUD FIJA--INFORMACIÓN GENERAL
campo de control de longitud fija 110923s2005 es 000 0 spa d
020 ## - NÚMERO INTERNACIONAL ESTÁNDAR DEL LIBRO
Número Internacional Estándar del Libro 8400084055
040 ## - FUENTE DE LA CATALOGACIÓN
Centro catalogador/agencia de origen DO-SdBNP
100 1# - ENTRADA PRINCIPAL--NOMBRE DE PERSONA
Nombre de persona Heckadon-Moreno, Stanley
9 (RLIN) 30356
245 10 - MENCIÓN DE TÍTULO
Título Estudios sobre la biodiversidad de la región de Bahía Honda (Veraguas, Panamá) :
Resto del título = studies on the biodiversity of the Bahía Honda region (Veraguas, Panama) /
Mención de responsabilidad, etc. Stanley Heckadon-Moreno ; editores Santiago Castroviejo y Alicia Ibañéz.
246 10 - FORMA VARIANTE DE TÍTULO
Título propio/Titulo breve Studies on the biodiversity of the Bahía Honda region (Veraguas, Panama)
260 ## - PUBLICACIÓN, DISTRIBUCIÓN, ETC.
Lugar de publicación, distribución, etc. Madrid :
Nombre del editor, distribuidor, etc. Consejo Superior de Investigaciones Científicas,
Fecha de publicación, distribución, etc. 2005.
300 ## - DESCRIPCIÓN FÍSICA
Extensión 834 p. :
Otras características físicas il., retrs. ;
Dimensiones 2005.
700 1# - PUNTO DE ACCESO ADICIONAL--NOMBRE DE PERSONA
Nombre de persona Castroviejo, Santiago
9 (RLIN) 59513
700 1# - PUNTO DE ACCESO ADICIONAL--NOMBRE DE PERSONA
Nombre de persona Ibañéz, Alicia
9 (RLIN) 59514
Existencias
Estado de retiro Estado de pérdida Restricciones de uso No para préstamo Código de colección Localización permanente Ubicación/localización actual Ubicación en estantería Fecha de adquisición Número de inventario Total de préstamos Signatura topográfica completa Código de barras Fecha visto por última vez Precio válido a partir de Tipo de ítem Koha
      Excluido de préstamo Monografías: Libros y Folletos General General En catalogación 23.09.2011 LF1   34091-10 25.06.2020 25.06.2020 No se presta

Con tecnología Koha